Politics in Brazil, 1930-1964 : (Record no. 36467)
[ view plain ]
| 000 -LEADER | |
|---|---|
| fixed length control field | 01185cam a2200325 a 4500 |
| 001 - CONTROL NUMBER | |
| control field | 36467 |
| 003 - CONTROL NUMBER IDENTIFIER | |
| rucl marc code | BD-RjUL |
| 005 - DATE AND TIME OF LATEST TRANSACTION | |
| control field | 20211209052506.0 |
| 008 - FIXED-LENGTH DATA ELEMENTS--GENERAL INFORMATION | |
| fixed length control field | 140624s1969 nyub b 001 0 eng c |
| 020 ## - INTERNATIONAL STANDARD BOOK NUMBER | |
| International Standard Book Number | 9780195332698 (pbk.) |
| International Standard Book Number | 0195332695 (pbk.) |
| 035 ## - SYSTEM CONTROL NUMBER | |
| System control number | (BD-RjUL)36567 |
| 040 ## - CATALOGING SOURCE | |
| Original cataloging agency | BTCTA |
| Transcribing agency | BTCTA |
| Modifying agency | BAKER |
| -- | YDXCP |
| -- | IQU |
| -- | BD-RjUL |
| Language of cataloging | eng |
| 041 ## - LANGUAGE CODE | |
| Language code of text/sound track or separate title | eng |
| 082 ## - DEWEY DECIMAL CLASSIFICATION NUMBER | |
| Classification number | 320.981 |
| Author mark and year | SKP 1969 |
| 100 1# - MAIN ENTRY--PERSONAL NAME | |
| Personal name | Skidmore, Thomas E. |
| 9 (RLIN) | 111023 |
| 245 10 - TITLE STATEMENT | |
| Title | Politics in Brazil, 1930-1964 : |
| Remainder of title | an experiment in democracy / |
| Statement of responsibility, etc. | Thomas E. Skidmore ; foreword by James N. Green. |
| 250 ## - EDITION STATEMENT | |
| Edition statement | Updated ed. |
| 260 ## - PUBLICATION, DISTRIBUTION, ETC. (IMPRINT) | |
| Place of publication, distribution, etc. | New York : |
| Name of publisher, distributor, etc. | Oxford University Press, |
| Date of publication, distribution, etc. | 1969 |
| 300 ## - PHYSICAL DESCRIPTION | |
| Pagination | xxxiii, 446 p. : |
| Illustrations | map ; |
| Size | 21 cm. |
| 500 ## - GENERAL NOTE | |
| General note | "40th anniversary edition." |
| 504 ## - BIBLIOGRAPHY, ETC. NOTE | |
| Bibliography, etc | Includes bibliographical references and indexes. |
| 651 #0 - SUBJECT ADDED ENTRY--GEOGRAPHIC NAME | |
| Geographic name | Brazil |
| General subdivision | Politics and government |
| Chronological subdivision | 1930-1945. |
| 9 (RLIN) | 110996 |
| Geographic name | Brazil |
| General subdivision | Politics and government |
| Chronological subdivision | 1945-1954. |
| 9 (RLIN) | 110997 |
| Geographic name | Brazil |
| General subdivision | Politics and government |
| Chronological subdivision | 1954-1964. |
| 9 (RLIN) | 111024 |
| 856 41 - ELECTRONIC LOCATION AND ACCESS | |
| Materials specified | Table of contents |
| Uniform Resource Identifier | <a href="http://www.loc.gov/catdir/toc/fy0803/2007282655.html">http://www.loc.gov/catdir/toc/fy0803/2007282655.html</a> |
| 942 ## - ADDED ENTRY ELEMENTS (KOHA) | |
| Source of classification or shelving scheme | Dewey Decimal Classification |
| Koha item type | Books |
| Lost status | Source of classification or shelving scheme | Damaged status | Not for loan | Collection code | Permanent Location | Current Location | Shelving location | Date acquired | Source of acquisition | Coded location qualifier | Total Checkouts | Full call number | Date last seen | Copy number | Koha item type |
|---|---|---|---|---|---|---|---|---|---|---|---|---|---|---|---|
| Dewey Decimal Classification | Not For Loan | Non-fiction | Central Library, University of Rajshahi | Central Library, University of Rajshahi | Reading Room | 30/06/1970 | 1970.06.30 | Zeitlinger | 320.981 SKP 1969 | 24/06/2014 | C-1 | Books |